• 首页
  • 本馆介绍
  • 公告通知
  • 最新文献
  • 馆藏检索
  • 电子资源
  • 读者导购
  • 参考咨询
  • 我的图书馆
  • 登录
  • 详细信息显示
  • 放入我的书架
  • 预约/预借图书
  • 作者相关作品
  • 分类相关作品
  • 丛书相关作品
  • 出版社相关作品

书目信息

  • 表格格式
  • 工作单格式
  • 卡片格式
题名:
风险、不确定性和利润
    
 
作者: 奈特 著 ;王宇 , 王文玉 译
分册:  
出版信息: 北京   中国人民大学出版社  2005
页数: 10,23,282页
开本: 23cm
丛书名:
单 册:
中图分类: F032.2 , F069.9 , F272.3
科图分类:
主题词: 风险管理--研究 , 风险管理 , 利润 , 利润--研究 , 企业经济
电子资源:
ISBN: 7-300-06852-9
000 01286nam0 2200349 450
000 01261nam0 2200325 450
000 01192nam0 2200301 450
000 01156nam0 2200289 45
005 20070725162359.10
010    @a7-300-06852-9@dCNY29.00
100    @a20070711d2005 em y0chiy0120 ea
101 1  @achi@ceng
102    @aCN@b110000
105    @ay z 000yy
200 1  @a风险、不确定性和利润@AFeng Xian、 Bu Que Ding Xing He Li Run@dRisk, uncertainty and profit@f(美)富兰克·H. 奈特(Frank H. Knight)著@F( Mei ) Fu Lan Ke· H. Nai Te (Frank H. Knight) Zhu@g王宇,王文玉译@zeng
210    @a北京@c中国人民大学出版社@d2005
215    @a10,23,282页@d23cm
330    @a本书从对完全竞争与不完全竞争的分析入手,通过引入不确定性概念,揭示了理论上的完全竞争与实际竞争之间的本质区别,从而揭示了利润的来源。
510 1  @aRisk, uncertainty and profit@zeng
606 0  @a风险管理@x研究
606 0  @a风险管理
606 0  @a利润
606 0  @a利润@x研究
606 0  @a企业经济
690    @aF032.2@v4
690    @aF069.9@v4
690    @aF272.3@v3
701  1 @c(美)@a奈特@ANai Te@g(Knight, Frank H.)@f(1885~1972)@4著
702  0 @a王宇@AWang Yu@c(经济学)@4译
702  0 @a王文玉@AWang Wen Yu@c(经济学)@4译
801  0 @aCN@bTAOJIN@c20070725
905    @a10447@dF272.3@e622
    
    风险、不确定性和利润=Risk, uncertainty and profit/(美)富兰克·H. 奈特(Frank H. Knight)著/王宇,王文玉译.-北京:中国人民大学出版社,2005
    10,23,282页;23cm
    
    
    ISBN 7-300-06852-9:CNY29.00
    本书从对完全竞争与不完全竞争的分析入手,通过引入不确定性概念,揭示了理论上的完全竞争与实际竞争之间的本质区别,从而揭示了利润的来源。
●
相关链接 在E读中查询图书 在五车中查询图书 在当当中查询图书 在豆瓣中查询图书


正题名:风险、不确定性和利润     索取号:F272.3/622         预约/预借

序号 登录号 条形码 馆藏地/架位号 状态 备注
1 0826027   208260273   第一样本阅览室/ [索取号:F272.3/622] 在馆    
2 0826028   208260282   密集书库/ [索取号:F272.3/622] 在馆    
3 0826029   208260291   第一借阅区/ [索取号:F272.3/622] 在馆    
4 0826030   208260308   第一借阅区/ [索取号:F272.3/622] 在馆    
5 0826031   208260317   密集书库/ [索取号:F272.3/622] 在馆    
6 0826032   208260326   第一借阅区/ [索取号:F272.3/622] 在馆    
7 0826033   208260335   第一借阅区/ [索取号:F272.3/622] 在馆    
8 0826034   208260344   密集书库/ [索取号:F272.3/622] 在馆    
唐山师范学院图书馆 欢迎您!
大连网信软件有限公司© 版权所有